000 00618nam a2200205 a 4500
005 20220816063943.0
008 120627s2001 mx r 000 0 spa d
020 _a9968151165
035 _aUPN01000185549
049 _aI
050 4 _aPZ76.3
_bG3.5
100 1 _aGarnier, Leonardo
245 1 0 _aMono Congo y León Panzón /
_cLeonardo Garnier ; il. Hugo Díaz.
260 _aSan José :
_bFarben,
_cc2001.
300 _a60 p. :
_bil. col.
650 0 _aAnimales
_vCuentos y leyendas
_9234
650 4 _aLITERATURA INFANTIL COSTARRICENSE
_911945
650 0 _aAmistad en la literatura
_910763
905 _aInfantil
999 _c157652
_d157652